| 000 | 00464nam a2200169Ia 4500 | ||
|---|---|---|---|
| 003 | OSt | ||
| 005 | 20260306101559.0 | ||
| 008 | 211028s2009 xx 000 0 und d | ||
| 040 | _cAIMIT LIBRARY | ||
| 041 | _aeng | ||
| 100 |
_aKamath, Anitha; Ruban. _g60471406 _92928 |
||
| 110 |
_aS, Ruban. _92929 |
||
| 245 | _aBiling and accounting management system / | ||
| 260 |
_aMangalore _c2009 |
||
| 710 |
_aOffice of Superintendent of Police _92930 |
||
| 942 |
_2ddc _cPRO |
||
| 999 |
_c217061 _d217061 |
||